| Tag |
First Indicator |
Second Indicator |
Subfields |
| LEADER |
00000cam a2200000 i 4500 |
| 001 |
in00000331237 |
| 005 |
20151011060129.0 |
| 008 |
770311s1976 enka b 00110 eng |
| 010 |
|
|
|a 76016988
|
| 015 |
|
|
|a GB***
|
| 020 |
|
|
|a 0126578508 :
|c 9.20
|
| 035 |
|
|
|a (OCoLC)02975439
|
| 035 |
|
|
|9 ABM4973AM
|
| 040 |
|
|
|a DLC
|c DLC
|d TXA
|d UtOrBLW
|
| 049 |
|
|
|a TXAM
|c [1109501]
|
| 050 |
0 |
0 |
|a QD921
|b .S62
|
| 082 |
0 |
|
|a 548/.842
|
| 100 |
1 |
|
|a Sprackling, M. T.
|q (Michael Thomas)
|
| 245 |
1 |
4 |
|a The plastic deformation of simple ionic crystals /
|c M. T. Sprackling.
|
| 264 |
|
1 |
|a London ;
|a New York :
|b Academic Press,
|c 1976.
|
| 300 |
|
|
|a ix, 242 pages :
|b illustrations ;
|c 24 cm.
|
| 336 |
|
|
|a text
|b txt
|2 rdacontent
|
| 337 |
|
|
|a unmediated
|b n
|2 rdamedia
|
| 338 |
|
|
|a volume
|b nc
|2 rdacarrier
|
| 490 |
1 |
|
|a Materials science and technology
|
| 500 |
|
|
|a Includes indexes.
|
| 504 |
|
|
|a Bibliography: pages [207]-226.
|
| 650 |
|
0 |
|a Dislocations in crystals.
|
| 650 |
|
0 |
|a Ionic crystals.
|
| 830 |
|
0 |
|a Materials science and technology (New York, N.Y.)
|
| 999 |
|
|
|a MARS
|
| 999 |
f |
f |
|s 769aef53-d52c-35e7-952a-dcb8a6e2a6d5
|i 45801ad0-191d-33c9-b840-f7ca2e4d804a
|t 0
|
| 952 |
f |
f |
|p normal
|a Texas A&M University
|b College Station
|c Sterling C. Evans Library
|d Evans: Library Stacks
|t 0
|e QD921 .S62
|h Library of Congress classification
|i unmediated -- volume
|m A14804729849
|
| 998 |
f |
f |
|a QD921 .S62
|t 0
|l Evans: Library Stacks
|